The Emily Dickinson journal

Detalles Bibliográficos
Autor Corporativo: Emily Dickinson International Society
Formato: Electrónico Revista
Lenguaje:inglés
Publicado: Baltimore, MD : Johns Hopkins University Press
Materias:
Acceso en línea:Full text available from Research Library: 07/01/2002 to 1 year ago

MARC

LEADER 00000nas a2200000 a 4500
001 ssj0011619
003 WaSeSS
005 20200512172242.0
006 m d
007 cr n
008 971114c19929999mdufr pss 0 a0eng c
010 |a sn 97004876  
016 7 |a 1495380 8  |2 DE-600 
022 |a 1096-858X  |l 1059-6879  |y 1059-6879 
035 |a (WaSeSS)ssj0011619 
037 |b The Johns Hopkins University Press - Journals Division, 2715 North Charles Street, Baltimore, MD 21218-4319 
040 |a NSD  |b eng  |c NSD  |d OCL  |d GUA  |d NSD  |d OCLCQ  |d MUQ  |d OCLCG  |d OCLCQ  |d OCLCO  |d OCLCQ  |d CSU  |d AU@  |d FJM  |d OCLCE  |d OCLCF  |d OCLCQ  |d OCLCA  |d GILDS  |d VT2  |d WaSeSS 
042 |a nsdp  |a pcc 
050 4 |a PS1541 
082 1 0 |a 811  |2 13 
130 0 |a Emily Dickinson journal (Online) 
210 0 |a Emily Dickinson j.  |b (Online) 
222 4 |a The Emily Dickinson journal  |b (Online) 
245 1 4 |a The Emily Dickinson journal  |h [electronic resource]. 
260 |a Baltimore, MD :  |b Johns Hopkins University Press 
310 |a Semiannual 
362 1 |a Print began with vol. 1, no. 1, published in 1992. 
506 |a License restrictions may limit access. 
538 |a Mode of access: World Wide Web. 
550 |a Sponsored by the Emily Dickinson Society. 
588 |a Description based on: Vol. 7, no. 1 (spring 1998); title from journal information screen (view July 13, 1998). 
600 1 0 |a Dickinson, Emily,  |d 1830-1886  |v Periodicals. 
600 1 6 |a Dickinson, Emily,  |d 1830-1886  |v Périodiques. 
600 1 7 |a Dickinson, Emily,  |d 1830-1886.  |2 fast  |0 (OCoLC)fst00035276 
655 0 |a Electronic journals. 
710 2 |a Emily Dickinson International Society. 
776 1 |t Emily Dickinson journal  |x 1059-6879  |w (DLC) 93650667  |w (OCoLC)24679809 
856 4 0 |z Full text available from Research Library: 07/01/2002 to 1 year ago  |u https://search.proquest.com/publication/27335